000 01064nam a2200301 a 4500
001 51028
003 BD-RjUL
005 20211209075611.0
008 160828t19631960enk b 000 0 eng
035 _a(BD-RjUL)51148
040 _aDLC
_cOUN
_dOCL
_dBD-RjUL
_dEQO
_beng
041 _aeng
082 _a517.81
_bHAT 1963
100 1 _aHaselgrove, C. B.
_9152676
245 1 0 _aTables of the Riemann zeta function /
_cby C.B. haselfrove ; in collaboration with J. C. P. Miller.
246 3 4 _aRiemann zeta function.
260 _aCambridge :
_bPublished for the Royal Society at the University Press,
_cc1960 [Reprint 1963]
300 _a80 p. ;
_c29 cm.
490 1 _aRoyal Society mathematical tables ;
_vv. 6
500 _aSpine title: Riemann zeta function.
504 _aIncludes bibliography.
650 0 _aFunctions, Zeta.
_9152677
650 0 _aMathematics
_vTables.
_9152678
700 1 _aMiller, J. C. P.
_q(Jeffery Charles Percy)
_9152635
830 0 _aRoyal Society mathematical tables ;
_vv. 6
_9152584
942 _2ddc
_cBK
999 _c51028
_d51028